000 00320nam a22001217a 4500
008 180504b xxu||||| |||| 00| 0 eng d
041 _aeng
080 _a32
100 _a20
101 _aSHP
245 _aNëpër hapësirat e politikës së jashtme e të diplomacisë në vitet 1992-2004
_cStarova,A
942 _2udc
_cBK
999 _c45682
_d45682